Análisis acerca de las claves en las Políticas Educativas para el Empoderamiento Ciudadano (Record no. 178704)
[ view plain ]
| 000 -CABECERA | |
|---|---|
| campo de control de longitud fija | 02252nab a2200337 a 4500 |
| 005 - FECHA Y HORA DE LA ÚLTIMA TRANSACCIÓN | |
| campo de control | 20260109121810.0 |
| 008 - ELEMENTOS DE LONGITUD FIJA--INFORMACIÓN GENERAL | |
| campo de control de longitud fija | 991125c2015 sp qr p o 000 0 spa d |
| 035 ## - NÚMERO DE CONTROL DEL SISTEMA | |
| Número de control de sistema | UPN01000206603 |
| 040 ## - FUENTE DE LA CATALOGACIÓN | |
| Centro catalogador/agencia de origen | MX-MxUPN |
| Lengua de catalogación | spa |
| Centro/agencia transcriptor | MX-MxUPN |
| Normas de descripción | aacr2 |
| 049 ## - COLECCIÓN | |
| Colección | ART-E |
| 100 1# - ASIENTO PRINCIPAL--NOMBRE PERSONAL | |
| Nombre de persona | Rivas Rebaque, Begoña |
| 100 1# - ASIENTO PRINCIPAL--NOMBRE PERSONAL | |
| Filiación | bego.r.r@ono.com |
| 100 1# - ASIENTO PRINCIPAL--NOMBRE PERSONAL | |
| Nombre de persona | De Cisneros de Britto, Julio César |
| 100 1# - ASIENTO PRINCIPAL--NOMBRE PERSONAL | |
| Filiación | juliocesar.cisneros@uclm.es |
| 100 1# - ASIENTO PRINCIPAL--NOMBRE PERSONAL | |
| Nombre de persona | Gértrudix Barrio, Felipe |
| 100 1# - ASIENTO PRINCIPAL--NOMBRE PERSONAL | |
| Filiación | felipe.gertrudix@uclm.es |
| 245 10 - MENCIÓN DE TÍTULO | |
| Título | Análisis acerca de las claves en las Políticas Educativas para el Empoderamiento Ciudadano |
| 506 0# - NOTA DE RESTRICCIONES AL ACCESO | |
| Limitaciones de acceso | Acceso abierto |
| 520 3# - NOTA DE RESUMEN, ETC. | |
| Sumario, etc. | El artículo tiene por objetivo evaluar la relevancia existente, entre la comunidad científica española, del tratamiento de la información, las políticas educativas y la competencia digital con el propósito de aprovechar el potencial informativo de los nuevos productos comunicativos y educativos para la eficacia del empoderamiento ciudadano. Para ello, se ha utilizado la metodología cualitativa del análisis de contenido intensivo sobre treinta artículos científicos escritos en español, seleccionados por su relevancia e impacto científico en el período comprendido entre 2008 y 2013. Se han analizado la relevancia de los códigos del discurso y las relaciones entre las variables estudiadas obteniendo como resultado una red descriptiva causal que muestra la relación de las dinámicas que interactúan entre las variables: alfabetización digital, políticas educativas, empoderamiento ciudadano y datos abiertos (open data) con la finalidad, a modo de conclusión y discusión, de proponer sugerencias para orientar y mejorar la acción educativa. |
| 650 #4 - ASIENTO SECUNDARIO DE MATERIA - TERMINO TEMATICO | |
| Término de materia o nombre geográfico como elemento de entrada | Alfabetización digital |
| 9 (RLIN) | 21774 |
| 653 0# - TERMINO DE INDIZACION - NO CONTROLADO | |
| Término no controlado | Políticas educativas |
| 653 0# - TERMINO DE INDIZACION - NO CONTROLADO | |
| Término no controlado | Empoderamiento ciudadano |
| 653 0# - TERMINO DE INDIZACION - NO CONTROLADO | |
| Término no controlado | Datops abiertos |
| 653 0# - TERMINO DE INDIZACION - NO CONTROLADO | |
| Término no controlado | Red descriptivo-causal |
| 773 ## - ENLACE AL DOCUMENTO FUENTE/ENTRADA DE REGISTRO ANFITRIÓN | |
| Parte(s) relacionada(s) | No. 53 (2015), p. 1-19 |
| Título | Edutec : revista electrónica de tecnología educativa |
| Número Internacional Normalizado para Publicaciones Seriadas | 1135-9250 |
| 856 4# - LOCALIZACIÓN Y ACCESO ELECTRÓNICOS | |
| Identificador Uniforme del Recurso | <a href="https://doi.org/10.21556/edutec.2015.53.300">https://doi.org/10.21556/edutec.2015.53.300</a> |
| 856 4# - LOCALIZACIÓN Y ACCESO ELECTRÓNICOS | |
| Identificador Uniforme del Recurso | <a href="https://www.edutec.es/revista/index.php/edutec-e/article/view/300">https://www.edutec.es/revista/index.php/edutec-e/article/view/300</a> |
| 902 ## - ELEMENTOS DE DATOS B LOCAL, LDB (RLIN) | |
| Creó | Gloria Jiménez/090126 |
| 905 ## - TIPO DE MATERIAL | |
| Tipo de material | Articulo |
| 942 ## - ELEMENTOS DE PUNTO DE ACCESO ADICIONAL (KOHA) | |
| Tipo de ítem Koha | Artículo Electrónico |
| Estado de retiro | Estado de pérdida | Estado dañado | No para préstamo | Código de colección | Localización permanente | Ubicación/localización actual | Ubicación en estantería | Fecha de adquisición | Total de préstamos | Fecha visto por última vez | Identificador Uniforme del Recurso | Precio válido a partir de | Tipo de ítem Koha |
|---|---|---|---|---|---|---|---|---|---|---|---|---|---|
| Acceso abierto | Bib. Gregorio Torres Quintero | Bib. Gregorio Torres Quintero | En línea | 09/01/2026 | 09/01/2026 | https://doi.org/10.21556/edutec.2015.53.300 | 09/01/2026 | Artículo Electrónico |
